Opplysningstiden med Norge - Statistics

General Stats
  • This quiz has been taken 254 times
    253 since last reset
  • The average score is 18 of 58
Answer Stats
Hint Answer % Correct
Styreform der kongen (eller en monark med annen tittel) har all makt Enevelde
79%
Styreform uten konge, men med president (som oftest) som statssjef Republikk
67%
En veldig langsiktig konsekvens av den franske revolusjonen Demokratisering i Europa
62%
Prinsippet fra opplysningstidens tankegods som hindrer en institusjon fra å ha for mye makt Maktfordeling
62%
Et synonym for og det vanligste navnet på en lovgivende forsamling, oppstod i Storbritannia Parlament
61%
Styreform der kongens makt er begrenset av en grunnlov Konstitusjonelt monarki
58%
Norges lovgivende forsamling og parlament Stortinget
55%
Hva ble ikke regnet som en rettighet og forbeholdt menn med eiendom Stemmerett
50%
Prinsippet som sier at statens makt kommer fra folket og at staten skal tjene dem, et grunnprinsipp i den moderne nasjonalstaten Folkesuverenitet
48%
Generalen som tok over Frankrike og gjorde seg til eneveldig keiser, selv om han fortsatt trodde på (noen av) revolusjonens idealer Napoleon
44%
Året alle kvinner i Norge kunne stemme, allmenn stemmerett innført 1913
42%
-Ismen som fremmet kvinners rettigheter Feminisme
42%
Den politiske ideologien (-ismen) for de som støttet opplysningstidens tankegods og individets frihet Liberalisme
42%
Dato Norges grunnlov ble undertegnet 17. mai 1814
40%
Den franske filosofen som skrev om maktfordeling Montesquieu
40%
Dokument med 10 grunnlovstillegg Bill of Rights
39%
USAs utøvende makt Presidenten
38%
Den engelske filosofen som støttet parlamentarisk styre og var mot enevelde i 1689 John Locke
37%
-Ismen som fremmet at alle med felles språk og kultur skulle ha egen nasjonalstat Nasjonalisme
37%
Den franske filosofen som vektla rettigheter Voltaire
37%
De tre statsmaktene ifølge det ovennevnte prinsippet Utøvende, lovgivende og dømmende
36%
Dokumentet som forklarer hvordan USA skal styres Grunnloven (the Constitution)
35%
Den store tenkeren på 1800-tallet som videreutviklet den ovennevnte -ismen til å fremme et klasseløst samfunn, og som gjorde den stor i arbeiderbevegelsen Karl Marx
35%
Den politiske ideologien (-ismen) for de som støttet gamle eliter, tradisjoner og verdier og at samfunnet ikke må endres for brått Konservatisme
35%
Den fransk-sveitsiske filosofen som vektla folkesuverenitet Rousseau
33%
At Stortingets flertall avgjør hvem som skal sitte i regjering (regjeringen trenger Stortingsflertallets tillit, deres mistillit kan fjerne den) Parlamentarisme
32%
Det britiske parlamentets underhus der innbyggerne i Storbritannia med stemmerett sendte sine representanter House of Commons
30%
Slagordet til amerikanerne som mislikte det britiske styret i kolonitiden No taxation without representation
30%
Illiberal praksis i flere amerikanske delstater frem til avskaffelsen i 1865 Slaveriet
30%
Den politiske ideologien (-ismen) som fremmet interessene til de uten eiendom og stemmerett Sosialisme
30%
Han som forfattet Uavhengighetserklæringen (og senere ble landets tredje president) Thomas Jefferson
30%
USAs lovgivende forsamling (som er delt inn i overhuset Senatet og underhuset Representantenes hus) Congress (Kongressen)
27%
Kongen som innførte enevelde i Frankrike på 1600-tallet Ludvig 14.
27%
Engelske navnet for Uavhengighetserklæringen US Declaration of Independence
27%
Året allmenn stemmerett for menn ble innført 1898
26%
Datoen Uavhengighetserklæringen ble undertegnet 4. juli 1776
26%
Noe som opplysningstidens revolusjonære var særlig opptatt av og hevdet at alle mennesker hadde/skulle ha Borgerrettigheter (aka naturlige rettigheter/menneskerettigheter)
26%
Den viktigste av ovennevnte Ytringsfrihet (og religionsfrihet)
26%
Et samfunn der geistlige og adel har privilegier som resten ikke har, så det er ikke likhet for loven Stendersamfunn
25%
USAs dømmende makt (det engelske ordet for høyesterett) Supreme Court
25%
At 13 britiske bosetterkolonier i Nord-Amerika løsrev seg britisk styre og grunnla USA Den amerikanske revolusjonen
23%
Den lovgivende forsamlingen som de revolusjonære i praksis styrte landet med Nasjonalforsamlingen
23%
Det Norge hadde felles med Sverige og som førte til konsulatsaken og unionsoppløsningen Utenriksminister/utenrikspolitikk
23%
To nye land som ble til gjennom en samlingsprosess på 1800-tallet Italia og Tyskland
20%
Dato for unionsoppløsningen fra norsk side 7. juni 1905
19%
Det som gjorde slutt på eneveldet (aka det gamle regimet) i Frankrike Den franske revolusjonen
19%
Ord som egentlig innebærer svak konge og sterke adelsmenn, men som noen bruker om makten lensherrer har over bøndene (som de delvis fortsatt hadde) Føydalisme
19%
Det man kaller staten som var dominert av eliten med offentlige stillinger i Norge Embetsmannsstaten
18%
Det som gjorde at Danmark måtte gi fra seg Norge til Sverige Kieltraktaten/Kielfreden
18%
Dato for stormingen av Bastillen (Bastilldagen) 14. juli 1789
17%
Illiberal del av Grunnloven som nektet bestemte folk adgang til Norge Jødeparagrafen
14%
Lovboken fra 1804 som garanterte likhet for loven, religionsfrihet og eiendomsrett, men som umyndiggjorde kvinner Code Napoleon
13%
Et rettighetsbasert samfunn basert på opplysningstidens tankegods, der alle er frie og like (med like rettigheter og lik rett til politisk medbestemmelse) Liberalt demokrati
13%
Utenom de geistlige og adel bestod landet av følgende Tredjestanden
12%
Grunnlovstillegget som garanterer ytrings-, religions- og forsamlingsfrihet 1st amendment (1. grunnlovstillegg)
11%
Eden som representanter for ovennevnte tok for å love å gi Frankrike en grunnlov Ballhuseden
10%
Det nye klassesamfunnet som kom med industrialiseringen var delt mellom disse Arbeiderklassen og borgerskapet
7%
Det store rettighetsdokumentet skrevet av de franske revolusjonære i 1789 Erklæringen om menneskets og borgerens rettigheter
2%
No matching quizzes found
Score Distribution
Percent of People with Each Score
Percentile by Number Answered
Your Score History
You have not taken this quiz since the last reset